UM Logo

Social justice interdependence among students in counseling psychology training programs : (Record no. 20775)

MARC details
000 -LEADER
fixed length control field 01114nam a22002297a 4500
003 - CONTROL NUMBER IDENTIFIER
control field OSt
005 - DATE AND TIME OF LATEST TRANSACTION
control field 20260211083741.0
008 - FIXED-LENGTH DATA ELEMENTS--GENERAL INFORMATION
fixed length control field 240821b ||||| |||| 00| 0 eng d
040 ## - CATALOGING SOURCE
Transcribing agency 0
082 ## - DEWEY DECIMAL CLASSIFICATION NUMBER
Classification number DPer 361.05 J826 January-April 2020 v. 67 n. 1-3
100 ## - MAIN ENTRY--PERSONAL NAME
Personal name Keum, Brian TaeHyuk.
Relator term author.
9 (RLIN) 58672
245 ## - TITLE STATEMENT
Title Social justice interdependence among students in counseling psychology training programs :
Remainder of title group actor-partner interdependence model of social justice attitudes, training program norms, advocacy intentions, and peer relationships /
Statement of responsibility, etc. Brian TaeHyuk Keum and Matthew J. Miller.
260 ## - PUBLICATION, DISTRIBUTION, ETC. (IMPRINT)
Place of publication, distribution, etc. Washington ;
Name of publisher, distributor, etc. American Psychological Association ,
Date of publication, distribution, etc. March 2020.
300 ## - PHYSICAL DESCRIPTION
Extent Volume 67, pages 141-155 :
Other physical details illustration ;
Dimensions 28 cm.
500 ## - GENERAL NOTE
General note Journal of Counseling Psychology, vol. 67, no. 2, pages 141-155, March 2020.
650 #0 - SUBJECT ADDED ENTRY--TOPICAL TERM
Topical term or geographic name as entry element Social justice education psychology.
9 (RLIN) 65344
650 #0 - SUBJECT ADDED ENTRY--TOPICAL TERM
Topical term or geographic name as entry element Counseling education methods.
9 (RLIN) 65345
650 #0 - SUBJECT ADDED ENTRY--TOPICAL TERM
Topical term or geographic name as entry element Interpersonal relations.
9 (RLIN) 11223
700 ## - ADDED ENTRY--PERSONAL NAME
Personal name Keum, Brian TaeHyuk.
Relator term author.
9 (RLIN) 58672
700 ## - ADDED ENTRY--PERSONAL NAME
Personal name Miller, Matthew J.
Relator term author.
9 (RLIN) 58673
942 ## - ADDED ENTRY ELEMENTS (KOHA)
Source of classification or shelving scheme Dewey Decimal Classification
Koha item type Periodicals
Holdings
Withdrawn status Lost status Source of classification or shelving scheme Damaged status Not for loan Collection code Home library Current library Date acquired Total Checkouts Full call number Date last seen Price effective from Koha item type Public note
    Dewey Decimal Classification     Periodicals UM Digos College - LIC UM Digos College - LIC 08/21/2024   DPer 361.05 J386 January-April 2020 v. 67 n. 1-3 08/21/2024 08/21/2024 Periodicals Periodical Article